Estampa de un pastor : (Record n. 36559)

Dettagli MARC
000 -LEADER
fixed length control field 00789nam a2200217 i 4500
003 - CONTROL NUMBER IDENTIFIER
control field IT-RoINE
005 - DATE AND TIME OF LATEST TRANSACTION
control field 20220912151931.0
008 - FIXED-LENGTH DATA ELEMENTS--GENERAL INFORMATION
fixed length control field 200123s2019 sp a |r|||| 000 |bspa d
020 ## - INTERNATIONAL STANDARD BOOK NUMBER
International Standard Book Number 8492094168
040 ## - CATALOGING SOURCE
Original cataloging agency SpMaBN
Language of cataloging spa
Transcribing agency SpMaBN IT-RoINE
Description conventions rda
Modifying agency IT-RoINE
100 1# - MAIN ENTRY--PERSONAL NAME
Personal name Hernández Rodríguez, María Victoria
9 (RLIN) 43996
245 10 - TITLE STATEMENT
Title Estampa de un pastor :
Remainder of title Don Ángel Riesco Carbajo /
Statement of responsibility, etc Mª Victoria Hernández Rodríguez.
260 ## - PUBLICATION, DISTRIBUTION, ETC. (IMPRINT)
Place of publication, distribution, etc La Bañeza (León-España) :
Name of publisher, distributor, etc Misioneras apóstolicas de la Caridad,
Date of publication, distribution, etc 2019
300 ## - PHYSICAL DESCRIPTION
Extent 87 p. :
Other physical details il. ;
Dimensions 22 cm.
336 ## - CONTENT TYPE
Content type term Texto
Source rdacontent
337 ## - MEDIA TYPE
Source rdamedia
Media type term unmediated
338 ## - CARRIER TYPE
Source rdacarrier
Carrier type term volume
600 10 - SUBJECT ADDED ENTRY--PERSONAL NAME
Personal name Riesco Carbajo, Ángel,
Titles and other words associated with a name Beato,
Dates associated with a name 1902-1972
General subdivision Biografía
9 (RLIN) 30995
655 #7 - INDEX TERM--GENRE/FORM
Genre/form data or focus term Biografías
Source of term tgfbne
-- 70860
942 ## - ADDED ENTRY ELEMENTS (KOHA)
Item type Monografías
Dati di copia
Withdrawn status Lost status Damaged status Not for loan Home library Current library Date acquired Total Checkouts Full call number Barcode Date last seen Price effective from Koha item type
        Iglesia Nacional Española en Roma Iglesia Nacional Española en Roma 26/01/2022   BIO 2773 64156 26/01/2022 26/01/2022 Monografías